Fifa 21 Top 50 Asian Players - Statistics

General Stats
  • This quiz has been taken 41 times
  • The average score is 13 of 50
Answer Stats
Rating Club Nation Player % Correct
87 Tottenham Hotspur South Korea Heung-Min Son
100%
80 Leicester City Turkey Caglar Soyuncu
66%
79 AC Milan Turkey Hakan Calhanoglu
66%
80 Roma FC Armenia Henrikh Mkhitaryan
62%
79 AS Monaco Russia Alexandr Golovin
59%
78 LOSC Lille Turkey Burak Yilmaz
52%
81 PSV Eindhoven Israel Eran Zahavi
48%
77 RB Leipzig South Korea Hwang Hee-Chan
45%
80 CSKA Moscow Russia Igor Akinfeev
45%
79 TSG Hoffenheim Israel Munas Dabbur
45%
82 CSKA Moscow Russia Mario Fernandes
41%
78 Leicester City Turkey Cengiz Under
38%
79 Atalanta Russia Alexey Miranchuk
34%
76 Lokomotiv Moscow Russia Anton Miranchuk
34%
77 Valencia CF Russia Denis Cheryshev
34%
77 FC Porto Iran Mehdi Taremi
34%
76 LOSC Lille Turkey Yusuf Yazici
34%
76 Eintracht Frankfurt Japan Daichi Kamada
31%
78 Olympique Marseille Japan Hiroki Sakai
31%
76 Piemonte Calcio Turkey Merih Demiral
31%
78 SD Eibar Japan Takashi Inui
31%
76 CSKA Moscow Russia Alan Dzagoev
24%
76 Eintracht Frankfurt Japan Makoto Hasebe
24%
80 Hebei China Fortune China Ricardo Goulart
24%
77 West Bromwich Albion Turkey Okay Yokuslu
21%
76 Werder Bremen Turkey Omer Toprak
21%
76 PAOK Japan Shinji Kagawa
21%
75 Getafe CF Japan Takefusa Kubo
21%
77 Southampton Japan Takumi Minamino
21%
77 LOSC Lille Turkey Zeki Celik
21%
79 Guangzhou Evergrande China Ai Kesen
17%
78 Fiorentina Russia Alexandr Kokorin
17%
77 Al-Ahli Syria Omar Al-Soma
17%
76 Lokomotiv Moscow Russia Fyodor Smolov
14%
77 Al-Ain FC Japan Shoya Nakajima
14%
77 Trabzonspor Turkey Ugurcan Cakir
14%
75 Besiktas Turkey Cenk Tosun
10%
76 Shanghai Shenhua South Korea Kim Shin-Wook
10%
77 Beijing Guoan China Alan Carvalho
7%
76 Spartak Moscow Russia Alexandr Selikhov
7%
76 Fenerbahce Turkey Caner Erkin
7%
77 Spartak Moscow Russia Georgi Dzhikiya
7%
78 Lokomotiv Moscow Russia Guilherme
7%
76 Medipol Basaksehir Turkey Irfan Kahveci
7%
75 Feyenoord Turkey Orkun Kokcu
7%
75 Galatasaray Turkey Emre Kilinc
3%
76 Fenerbahce Turkey Gokhan Gonul
3%
77 Medipol Basaksehir Turkey Mert Gunok
3%
78 Spartak Moscow Russia Roman Zobnin
3%
75 Medipol Basaksehir Turkey Deniz Turuc
0%
No matching quizzes found
Score Distribution
Percent of People with Each Score
Percentile by Number Answered
Your Score History
You have not taken this quiz